00289nam a2200121Ia 4500008004100000020001800041041000800059082002400067100001800091245002200109260002700131300000900158230411s9999 xx 000 0 und d a81 8147 940 8 aeng aMS/616.8/ROL/B04235 aRolak Loren A aNeurology Secrets bMosbyaNew Delhic2005 a456p